| 000 | 01086nam a2200217Ia 4500 | ||
|---|---|---|---|
| 003 | Ost | ||
| 005 | 20260507075633.0 | ||
| 008 | 260507s9999||||xx |||||||||||||| ||und|| | ||
| 020 | _a244209977 | ||
| 040 | _cfsecg | ||
| 041 | _aara | ||
| 082 | _a658 | ||
| 100 |
_aد. حنفي، عبدالغفار _eمؤلف |
||
| 245 | 0 |
_aأساسيات إدارة المنظمات / _c عبدالغفار د. حنفي |
|
| 260 |
_a[دون مكان]: _bالمكتب العربي الحديث, _c1995 |
||
| 300 |
_a421 صفحة؛ _c24 سم |
||
| 520 | _aتجد في هذا الكتاب 12 فصل كالتالي : مفهوم الإدارة وأهميتها ،تطور الفكر الإداري ،المدراء بالمنظمات ،إتخاذ القرار وحل المشكلات ، الأساليب الحديثة وإتخاذ القرارات ، التخطيط ، التنظيم ، السلطة في التنظيم ، الأشكال التنظيمية التنسيق الإتصال ، الرقابة | ||
| 653 | _aإدارة الاعمال | ||
| 653 | _aالمنظمات | ||
| 942 | _cكتاب | ||
| 999 |
_c45249 _d45249 |
||